Evaluación de conservación del departamento del Valle del Cauca, basada en principios de planeación sistemática de la conservación (Registro nro. 7125)

Detalles MARC
000 -CABECERA
Campo de control 02202nam a2200349 a 4500
005 - FECHA Y HORA DE LA ULTIMA TRANSACCION
Campo de control 20200104041615.0
008 - ELEMENTOS DE LONGITUD FIJA—INFORMACION GENERAL
Campo de control 131126b2007 ck ||||| |||| 00| 0 spa d
040 ## - FUENTE DE CATALOGACIÓN
Agencia catalogadora original CO-BoIAVH
Agencia transcriptora CO-BoIAVH
041 ## - IDIOMA
Código de idioma para texto/pista de sonido o título separado Español
044 ## - PAÍS DE PUBLICACIÓN
País de publicación Colombia
090 ## - CLASIFICACIÓN LOCAL
Colección IAVH
Consecutivo 01379
100 ## - ASIENTO PRINCIPAL--NOMBRE PERSONAL
Nombre personal Arango, Natalia
245 ## - MENCION DE TITULO
Título Evaluación de conservación del departamento del Valle del Cauca, basada en principios de planeación sistemática de la conservación
Parte restante del título Informe final de resultados
260 ## - PUBLICACION, DISTRIBUCION, ETC. (PIE DE IMPRENTA)
Lugar de publicación, distribución, etc. Bogotá
Nombre del editor, distribuidor, etc. Instituto de Investigación de Recursos Biológicos Alexander von Humboldt
-- Colciencias
Fecha de publicación, distribución, etc. 2007
300 ## - DESCRIPCION FISICA
Extensión 664 p.
Otros detalles físicos il.mapas
Dimensiones 28 cm.
500 ## - NOTA GENERAL
Nota general Informe técnico contrato nº 346-2004
505 ## - NOTA DE CONTENIDO
Nota de contenido Anexo I. Documento final descriptivo y analítico -- Anexo II. Mapas de ecosistemas actuales (año 2000) y potenciales del departamento del Valle del Cauca -- Anexo III. Comunicaciones de Asesorías de Expertos Internacionales -- Anexo IV. Información ambiental para procesos ecológicos y modelación de distribución potencial de especies -- Anexo V. Trabajos de Grado: Estado de conservación de las poblaciones de tres Palmas amenazadas del departamento del Valle del Cauca / Alejandro Zuluaga Tróchez ; Designation of supplementary protected areas in the Valle del Cauca, Colombia / Juliane Sander
505 ## - NOTA DE CONTENIDO
Nota de contenido Contenido CD: Distribución y estado de conservación de las poblaciones de tres especies de palmas amenazadas del Departamento del Valle del Cauca / Alejandro Zuluaga Tróchez -- Uso de modelos de predicción como herramienta para estimar el área de distribución potencial de la especie aniba perutilis hemsley (comino crespo) en el departamento del Valle del Cauca
650 ## - ASIENTO SECUNDARIO DE MATERIA - TERMINO TEMATICO
Término temático o nombre geográfico como elemento de entrada Ecosistemas
650 ## - ASIENTO SECUNDARIO DE MATERIA - TERMINO TEMATICO
Término temático o nombre geográfico como elemento de entrada Aves
650 ## - ASIENTO SECUNDARIO DE MATERIA - TERMINO TEMATICO
Término temático o nombre geográfico como elemento de entrada Mamíferos
650 ## - ASIENTO SECUNDARIO DE MATERIA - TERMINO TEMATICO
Término temático o nombre geográfico como elemento de entrada Conservación de biodiversidad
650 ## - ASIENTO SECUNDARIO DE MATERIA - TERMINO TEMATICO
Término temático o nombre geográfico como elemento de entrada Plantas amenazadas
650 ## - ASIENTO SECUNDARIO DE MATERIA - TERMINO TEMATICO
Término temático o nombre geográfico como elemento de entrada Mapa de ecosistemas
650 ## - ASIENTO SECUNDARIO DE MATERIA - TERMINO TEMATICO
Término temático o nombre geográfico como elemento de entrada Transformación de ecosistemas
662 ## - ASIENTO SECUNDARIO DE MATERIA - JERARQUIA DEL NOMBRE DE LUGAR(
País o entidad mayor Colombia
Jurisdicción política de primer orden Valle del Cauca
700 ## - ASIENTO SECUNDARIO - NOMBRE PERSONAL
Nombre personal Franco, Ana María
700 ## - ASIENTO SECUNDARIO - NOMBRE PERSONAL
Nombre personal Matallana, Clara Lucía
700 ## - ASIENTO SECUNDARIO - NOMBRE PERSONAL
Nombre personal Polanco, Rocío
700 ## - ASIENTO SECUNDARIO - NOMBRE PERSONAL
Nombre personal Morales, Mónica
942 ## - ELEMENTOS ADICIONALES (KOHA)
Tipo de ítem Informe Técnico
Sistema de clasificación Local
Koha issues (borrowed), all copies 4
Existencias
Withdrawn status Lost status Sistema de Clasificación Damaged status No para préstamo Colección Inventariado Ubicación Permanente Ubicación actual Fecha de adquisición Total Checkouts Número topográfico Inventario / Código de Barras Date last seen Date checked out Ejemplar Price effective from Forma de adquisición Tipo de material Public note
    Local     Humboldt Inventariado 2017 Bogotá Bogotá 05/10/2009 2 IAVH-01379 027517 09/08/2024 14/12/2016 Ej. 1 04/12/2012   Informe Técnico  
    Local     Humboldt Inventariado 2017 Bogotá Bogotá 26/06/2014 2 IAVH-01379 059538 09/08/2024 14/12/2016 Anexos bibliográficos 26/06/2014   Informe Técnico  
    Local     Humboldt   Bogotá Bogotá 17/02/2015   IAVH-01379 027536 17/02/2015   Ej. 1 17/02/2015 Institucional CD-ROM Anexos
    Local     Humboldt   Bogotá Bogotá 17/02/2015   IAVH-01379 027537 17/02/2015   Ej. 1 17/02/2015 Institucional CD-ROM